000
00289nam a2200097Ia 4500
008
160609s9999 xx 000 0 und d
245
_a
Web Design and Mobile Trends for 2013
260
_c
2013
650
_x
WEB DESIGN
856
_u
http://www.awwwards.org/books/Web-and-Mobile-TRENDS-2013.pdf
999
_c
295810
_d
295810